01003 2200277 4500245011200000250001100112100002400123100002400147700001700171700001900188700002200207700002000229700001600249700001900265700002100284700002000305700001600325650001600341005001900357260001800376041001400394084000800408300002000416500028000436336000900716 aKoleksi Karya Siswa Kelas XI - MPLB b : Logika Beragumen Membangun PengetahuancAlya Maharani PashahText aCet. 1 aAlya Maharani Pasha aAlya Maharani Parsa aAyu Kholifah aCahaya Alfiyah aCut Desty Nuristi aDeswytha Yasmin aElisa Zahra aHanifa Nuraini aIntan Farah Dila aKharisma Zahara aNadia Nadin aKarya Siswa a20240219144206 aJakartac2024 aIndonesia a081 ailus. :c25 cm. aKoleksi karya siswa ini merupakan karya argumentasi dari beberapa siswa kelas XI-DKV. Beberapa karya argumentasinya seperti Pengaruh Gadget dalam Kehidupan Modern karya Ayu Kholifah, Membangun Karakter Siswa terhadap Pancasila karya Cut Desty Nuristi dan karya-karya lainnya. atext